000 00591nam a2200229Ia 4500
003 OSt
005 20220924135657.0
006 a|||||r|||| 00| 0
007 ta
008 220923b |||||||| |||| 00| 0 ben d
024 _a292094
037 _cTextual
040 _aARTS
_cARTS
_bben
041 _2ben
_aben
082 _aO157,1:g0Q22:8:55, L3
100 _aChattopadhyay
_9176213
245 0 _aVaishnav kavya pran
260 _c1973
650 _aBENGALI LITERATURE
942 _hO157,1:g0Q22:8:55, L3
_cTEXL
_2CC
999 _c441550
_d441550